000
00288nam a2200121Ia 4500
008
220204s9999 xx 000 0 und d
082
_a
633.811
_b
GIB
100
_a
GIBSON, Michael
245
0
_a
Growing roses
260
_a
London
_b
Croom Helm
_c
1984
650
_a
Rose culture
942
_c
BK
999
_c
39773
_d
39773